00305nam a2200121Ia 4500008004100000041000800041082001600049100001600065245003500081260003500116300002500151365000700176240624s9999 xx 000 0 und d aeng a570.285 ATT aATTWOOD T K aINTRODUCTION TO BIOINFORMATICS c2005aDelhibPearson Education axx, : 218 : cm. ; 25 cRS